000 00615nam a22002177a 4500
003 UA-OsUOA
001 60089
007 ta
008 20090506b un ||||| |||| 00| 0 ukr d
100 _aКухарська Н.
090 _a330(477)
_bК95
942 _cSA
040 _aUA-OsUOA
_bukr
_cUA-OsUOA
_dUA-OsUOA
245 _aСпецифіка грошово-кредитного регулювання в Україні
300 _aС.58-65
955 _a0
041 _aukr
080 _a330(477)
773 0 _w60086
_tЕкономіст
_dК.
_d2009
_g3
650 7 _a330 Економіка взагалі
_2UDC
999 _c346231
_d346231